[Event "Titled Tuesday intern op 19th Dec Early"]
[Site "Chess.com INT"]
[Date "2023.12.19"]
[Round "7"]
[White "Khumalo, Keith"]
[Black "Himanshu, Sharma"]
[Result "1-0"]
[WhiteElo "2049"]
[BlackElo "2377"]
[PlyCount "103"]
[EventDate "2023.12.19"]
[EventType "swiss (blitz)"]
[EventRounds "11"]
[EventCountry "USA"]
[SourceTitle "CB52_2023"]
[SourceDate "2023.12.27"]
[SourceVersion "1"]
[SourceVersionDate "2023.12.27"]
[SourceQuality "1"]

1. d4 Nf6 2. c4 e6 3. Nf3 Bb4+ 4. Bd2 Be7 5. g3 0-0 6. Bg2 d5 7. Qc2 Nbd7 8. 0-0 c5 9. cxd5 Nxd5 10. e4 N5f6 11. Rd1 Qb6 12. Be3 Ng4 13. Nc3 Nxe3 14. fxe3 Qa5 15. a3 a6 16. e5 Rb8 17. Ne4 cxd4 18. exd4 Nb6 19. Nfg5 g6 20. Qc7 Bxg5 21. Nxg5 Ra8 22. Ne4 Qb5 23. Nf6+ Kg7 24. Qc1 Nd7 25. Qg5 Nxf6 26. exf6+ Kh8 27. Qxb5 axb5 28. Rac1 Ra4 29. Rc7 Rc4 30. Rc1 Rxc1+ 31. Rxc1 Bd7 32. Rc7 Rd8 33. Bxb7 Be8 34. Kf2 h6 35. Ke3 Kg8 36. h4 Kf8 37. g4 Rd7 38. Rxd7 Bxd7 39. g5 hxg5 40. hxg5 Ke8 41. Kd3 Kd8 42. Kc3 Kc7 43. Be4 Kb6 44. Bxg6 Be8 45. Bh7 Kc7 46. Kb4 Kd6 47. Bg8 e5 48. g6 Ke6 49. gxf7 Bxf7 50. Bxf7+ Kxf7 51. dxe5 Ke6 52. Kxb5 1-0

[Event "Titled Tuesday intern op 19th Dec Early"]
[Site "Chess.com INT"]
[Date "2023.12.19"]
[Round "11"]
[White "Krzywda, Andrzej"]
[Black "Himanshu, Sharma"]
[Result "1-0"]
[WhiteElo "2234"]
[BlackElo "2377"]
[PlyCount "57"]
[EventDate "2023.12.19"]
[EventType "swiss (blitz)"]
[EventRounds "11"]
[EventCountry "USA"]
[SourceTitle "CB52_2023"]
[SourceDate "2023.12.27"]
[SourceVersion "1"]
[SourceVersionDate "2023.12.27"]
[SourceQuality "1"]

1. e4 Nf6 2. e5 Nd5 3. d4 Nb6 4. f4 d6 5. c4 g6 6. Nc3 Bg7 7. Be3 0-0 8. Nf3 Bg4 9. Be2 dxe5 10. dxe5 Nc6 11. b3 f6 12. c5 Nd7 13. Bc4+ Kh8 14. e6 Ndb8 15. 0-0 f5 16. Rc1 Bxf3 17. Qxf3 Nd4 18. Qf2 Nbc6 19. Rfd1 b6 20. Bd5 Qe8 21. Bxd4 Nxd4 22. Rxd4 Bxd4 23. Qxd4+ Kg8 24. Bxa8 Qxa8 25. Nd5 Qd8 26. cxb6 cxb6 27. Rc7 Re8 28. Nxe7+ Kf8 29. Qh8# 1-0

[Event "Titled Tuesday intern op 19th Dec Early"]
[Site "Chess.com INT"]
[Date "2023.12.19"]
[Round "10"]
[White "Papp, Petra"]
[Black "Himanshu, Sharma"]
[Result "0-1"]
[WhiteElo "2267"]
[BlackElo "2377"]
[PlyCount "62"]
[EventDate "2023.12.19"]
[EventType "swiss (blitz)"]
[EventRounds "11"]
[EventCountry "USA"]
[SourceTitle "CB52_2023"]
[SourceDate "2023.12.27"]
[SourceVersion "1"]
[SourceVersionDate "2023.12.27"]
[SourceQuality "1"]

1. e4 Nf6 2. e5 Nd5 3. d4 d6 4. c4 Nb6 5. f4 g6 6. Be3 Bg7 7. Nc3 0-0 8. Be2 dxe5 9. fxe5 Bf5 10. Nf3 Nc6 11. 0-0 f6 12. exf6 Bxf6 13. Qd2 e5 14. d5 e4 15. dxc6 exf3 16. Qxd8 Raxd8 17. Bxf3 bxc6 18. Bxb6 cxb6 19. Bxc6 Rd2 20. Nd5 Bxb2 21. Rad1 Rc2 22. Ne7+ Kg7 23. Nxf5+ Rxf5 24. Rxf5 gxf5 25. Rd7+ Kf6 26. Bb5 h5 27. h3 f4 28. Rxa7 Bd4+ 29. Kh2 Bf2 30. h4 Bg3+ 31. Kh3 Rc1 0-1

[Event "BAN-chT"]
[Site "Dhaka"]
[Date "2022.03.10"]
[Round "1.3"]
[White "Himanshu, Sharma"]
[Black "Aronyak, Ghosh"]
[Result "0-1"]
[WhiteElo "2391"]
[BlackElo "2482"]
[PlyCount "112"]
[EventDate "2022.03.10"]
[EventType "team-tourn"]
[EventRounds "11"]
[EventCountry "BAN"]
[SourceTitle "CBM 207 Extra"]
[Source "ChessBase"]
[SourceDate "2022.05.31"]
[SourceVersion "1"]
[SourceVersionDate "2022.05.31"]
[SourceQuality "1"]
[WhiteTeam "Titas CC"]
[BlackTeam "Leonine CC"]
[WhiteTeamCountry "BAN"]
[BlackTeamCountry "BAN"]

1. e4 c5 2. Nc3 Nc6 3. Nge2 g6 4. d4 cxd4 5. Nxd4 Bg7 6. Nde2 Nf6 7. g3 0-0 8. Bg2 d6 9. 0-0 Rb8 10. a4 a6 11. Nd5 b5 12. axb5 axb5 13. Bg5 Ng4 14. Qc1 h6 15. Bd2 Kh7 16. h3 Nge5 17. b3 e6 18. Ne3 d5 19. Rd1 dxe4 20. Bxe4 Nd4 21. Nxd4 Qxd4 22. Bg2 Bb7 23. Be1 Qc5 24. Bxb7 Rxb7 25. Ra6 Rc8 26. Qa3 Bf8 27. Qxc5 Bxc5 28. Nf1 Bb6 29. Ra2 Ra7 30. Rxa7 Bxa7 31. c4 bxc4 32. bxc4 Rxc4 33. Kg2 Rc2 34. Nh2 Kg7 35. Nf3 Nc4 36. Kf1 e5 37. Rd7 Bb6 38. Nd2 Nxd2+ 39. Bxd2 Bd4 40. Be1 Kf6 41. g4 Ra2 42. Kg2 Re2 43. Kf1 Rb2 44. Kg2 Ke6 45. Rd8 f5 46. gxf5+ gxf5 47. Kf1 f4 48. f3 Rh2 49. h4 Bc5 50. Rh8 Kd5 51. Rxh6 e4 52. Rh5+ Kc4 53. fxe4 Be3 54. Rf5 Kd3 55. e5 Ke4 56. Rf8 Kxe5 0-1

[Event "Dhaka Sheikh Russel op"]
[Site "Dhaka"]
[Date "2021.10.25"]
[Round "7"]
[White "Himanshu, Sharma"]
[Black "Liyanage, Ranindu Dilshan"]
[Result "1-0"]
[WhiteElo "2394"]
[BlackElo "2273"]
[PlyCount "131"]
[EventDate "2021.10.19"]
[EventType "swiss"]
[EventRounds "9"]
[EventCountry "BAN"]
[SourceTitle "EXT 2023"]
[Source "ChessBase"]
[SourceDate "2022.10.05"]
[SourceVersion "1"]
[SourceVersionDate "2022.10.05"]
[SourceQuality "1"]

1. Nf3 d5 2. d4 Nf6 3. Bf4 e6 4. e3 Bd6 5. Nbd2 0-0 6. Bd3 c5 7. c3 Bxf4 8. exf4 cxd4 9. cxd4 Nc6 10. 0-0 Qb6 11. Nb3 a5 12. Rc1 Nb4 13. Bb1 a4 14. Nc5 a3 15. b3 Qd6 16. Qd2 Nc6 17. Ne5 Ne7 18. Qb4 Rd8 19. Rfd1 b6 20. Ncd3 Ba6 21. Qxd6 Rxd6 22. Nb4 Ne8 23. f3 f6 24. Nec6 Nxc6 25. Nxc6 Bb5 26. Nb4 g6 27. Rc3 Rd7 28. Rdc1 Raa7 29. Kf2 Rac7 30. Rxc7 Rxc7 31. Rxc7 Nxc7 32. Nc2 Bd3 33. Nxa3 Bxb1 34. Nxb1 Nb5 35. Ke3 Kf7 36. Kd3 Ke7 37. Nc3 Na7 38. Na4 Nc8 39. g4 Kd6 40. Nb2 Na7 41. Ke3 Nc6 42. Nd3 Ne7 43. a4 Nc6 44. b4 Ke7 45. f5 exf5 46. gxf5 g5 47. b5 Na5 48. f4 g4 49. Nb4 Kd6 50. Kf2 Nc4 51. Nc2 Nb2 52. Ne3 h5 53. Kg3 Nc4 54. Nf1 Nb2 55. Kh4 Nxa4 56. Kxh5 Nc3 57. Kg6 Nxb5 58. Kxf6 Nxd4 59. Kg6 Ke7 60. Ne3 Ne2 61. f6+ Kf8 62. Nxd5 b5 63. f5 b4 64. f7 b3 65. Kf6 Ng3 66. hxg3 1-0

[Event "Dhaka Sheikh Russel op"]
[Site "Dhaka"]
[Date "2021.10.24"]
[Round "6"]
[White "Aronyak, Ghosh"]
[Black "Himanshu, Sharma"]
[Result "1-0"]
[WhiteElo "2445"]
[BlackElo "2394"]
[PlyCount "62"]
[EventDate "2021.10.19"]
[EventType "swiss"]
[EventRounds "9"]
[EventCountry "BAN"]
[SourceTitle "CBM 204 Extra"]
[Source "ChessBase"]
[SourceDate "2021.11.30"]
[SourceVersion "1"]
[SourceVersionDate "2021.11.30"]
[SourceQuality "1"]

1. d4 Nf6 2. Bf4 c5 3. d5 b5 4. f3 Qa5+ 5. c3 d6 6. e4 g6 7. Nd2 Bg7 8. a4 b4 9. Nc4 Qd8 10. cxb4 cxb4 11. Ne2 0-0 12. Nd4 Nfd7 13. Be3 Nc5 14. Be2 Bd7 15. 0-0 Nba6 16. Re1 b3 17. Qd2 Rb8 18. Nb5 Nxa4 19. Na5 Rxb5 20. Rxa4 Nc5 21. Bxb5 Nxa4 22. Nc6 Bxc6 23. dxc6 Nb6 24. Ra1 Qc7 25. Ra3 Rb8 26. Rxb3 a6 27. Bxa6 Qxc6 28. Qa5 Qc2 29. Rxb6 Ra8 30. Qb4 Qd1+ 31. Bf1 Rf8 1-0

[Event "Joytu Sheikh Hasina Online op"]
[Site "Chess.com INT"]
[Date "2020.09.24"]
[Round "2"]
[White "Ghosh, Chanchal Kumer"]
[Black "Himanshu, Sharma"]
[Result "1/2-1/2"]
[WhiteElo "2061"]
[BlackElo "2394"]
[PlyCount "155"]
[EventDate "2020.09.24"]
[EventType "swiss"]
[EventRounds "9"]
[EventCountry "BAN"]
[SourceTitle "EXT 2022"]
[Source "ChessBase"]
[SourceDate "2021.10.06"]
[SourceVersion "1"]
[SourceVersionDate "2021.10.06"]
[SourceQuality "1"]

1. e4 c6 2. Nf3 g6 3. d4 d5 4. Nc3 Bg7 5. exd5 cxd5 6. Bb5+ Bd7 7. Qe2 Nf6 8. Ne5 0-0 9. 0-0 Bf5 10. Re1 a6 11. Bd3 Bxd3 12. Nxd3 Nc6 13. Be3 e6 14. Rad1 Rc8 15. Ne5 Nd7 16. Nxd7 Qxd7 17. Na4 Qe7 18. c3 Rfe8 19. Bf4 Na5 20. Nb6 Rcd8 21. b3 Nc6 22. Qf3 Na7 23. Qg3 Nc8 24. Na4 Nd6 25. f3 Nf5 26. Qf2 Qd7 27. g4 Nd6 28. Qg3 Qc6 29. Re3 b6 30. h4 h6 31. Kg2 Rd7 32. Rde1 Nb7 33. Be5 f6 34. Bb8 b5 35. Nb2 Qc8 36. Ba7 Rc7 37. Nd1 Kf7 38. h5 g5 39. f4 gxf4 40. Qxf4 Rc6 41. Nf2 Qc7 42. Qf3 a5 43. a3 Ra6 44. Bc5 Nxc5 45. dxc5 Qxc5 46. Nh3 Qxa3 47. g5 Qe7 48. g6+ Kg8 49. Nf4 Qd7 50. Nxd5 Rf8 51. Nf4 e5 52. Nd5 Rd6 53. c4 bxc4 54. bxc4 a4 55. Ra1 f5 56. Ra2 e4 57. Qf4 Ra6 58. Rea3 Rc8 59. Ne3 Ra5 60. Qf2 Qe7 61. Nxf5 Qg5+ 62. Ng3 Rf8 63. Qe3 Qg4 64. Qxe4 Qxe4+ 65. Nxe4 Rxh5 66. Rxa4 Rh4 67. Ng3 Rg4 68. c5 Rxg6 69. Ra8 Be5 70. Rxf8+ Kxf8 71. Ra3 Ke7 72. Re3 Ke6 73. Kh3 Rxg3+ 74. Rxg3 Bxg3 75. Kxg3 Kd5 76. Kg4 Kxc5 77. Kh5 Kd6 78. Kxh6 1/2-1/2

[Event "IND-ch 57th"]
[Site "Majitar"]
[Date "2019.12.19"]
[Round "11"]
[White "Himanshu, Sharma"]
[Black "Akash, G."]
[Result "1/2-1/2"]
[WhiteElo "2392"]
[BlackElo "2431"]
[PlyCount "60"]
[EventDate "2019.12.10"]
[EventType "swiss"]
[EventRounds "11"]
[EventCountry "IND"]
[SourceTitle "CBM 193 Extra"]
[Source "ChessBase"]
[SourceDate "2020.01.31"]
[SourceVersion "1"]
[SourceVersionDate "2020.01.31"]
[SourceQuality "1"]

1. e4 c5 2. Nc3 Nc6 3. Nge2 Nf6 4. g3 d5 5. exd5 Nd4 6. Bg2 Bg4 7. h3 Bf3 8. Bxf3 Nxf3+ 9. Kf1 Nd4 10. Kg2 Nxd5 11. Nxd4 cxd4 12. Nxd5 Qxd5+ 13. Qf3 Qxf3+ 14. Kxf3 Rc8 15. c3 g6 16. d3 dxc3 17. bxc3 Bg7 18. Rb1 b6 19. c4 Rc5 20. Rb3 Kd7 21. Ra3 Rc7 22. Ke2 Kc6 23. Be3 Rd8 24. Rb3 Bd4 25. a4 Rd6 26. a5 bxa5 27. Bxd4 Rxd4 28. Ra1 Rb7 29. Rba3 Rbd7 30. Rc3 e5 1/2-1/2

[Event "IND-ch 57th"]
[Site "Majitar"]
[Date "2019.12.18"]
[Round "10"]
[White "Vishnu, Prasanna V"]
[Black "Himanshu, Sharma"]
[Result "0-1"]
[WhiteElo "2493"]
[BlackElo "2392"]
[PlyCount "76"]
[EventDate "2019.12.10"]
[EventType "swiss"]
[EventRounds "11"]
[EventCountry "IND"]
[SourceTitle "CBM 193 Extra"]
[Source "ChessBase"]
[SourceDate "2020.01.31"]
[SourceVersion "1"]
[SourceVersionDate "2020.01.31"]
[SourceQuality "1"]

1. e4 c5 2. Nf3 e6 3. d4 cxd4 4. Nxd4 Nc6 5. Nc3 Qc7 6. Be3 a6 7. a3 b5 8. Be2 Bb7 9. f4 Nf6 10. 0-0 Bc5 11. Bf3 Qb6 12. Nce2 Nxd4 13. Nxd4 Bxe4 14. b4 Be7 15. Re1 Qb7 16. Bxe4 Qxe4 17. Kh1 0-0 18. Nb3 Qf5 19. Qd3 Qxd3 20. cxd3 Nd5 21. Bd2 Rfc8 22. Ra2 f5 23. g3 Kf7 24. Kg2 Rc7 25. Kf3 Rac8 26. Rc1 Rxc1 27. Nxc1 Bf6 28. Nb3 Rc7 29. Be1 Ke7 30. Re2 g6 31. h3 Kf7 32. Nc5 a5 33. Ra2 a4 34. Re2 Nc3 35. Bxc3 Bxc3 36. Na6 Rc6 37. Nb8 Rd6 38. Rc2 Rxd3+ 0-1

[Event "IND-ch 57th"]
[Site "Majitar"]
[Date "2019.12.15"]
[Round "7"]
[White "Shetty, Rahul"]
[Black "Himanshu, Sharma"]
[Result "0-1"]
[WhiteElo "2148"]
[BlackElo "2392"]
[PlyCount "88"]
[EventDate "2019.12.10"]
[EventType "swiss"]
[EventRounds "11"]
[EventCountry "IND"]
[SourceTitle "CBM 193 Extra"]
[Source "ChessBase"]
[SourceDate "2020.01.31"]
[SourceVersion "1"]
[SourceVersionDate "2020.01.31"]
[SourceQuality "1"]

1. Nf3 d5 2. d4 c6 3. c4 Nf6 4. Qc2 g6 5. Bf4 Bf5 6. Qb3 Qb6 7. e3 Nbd7 8. Nc3 h6 9. h3 g5 10. Bg3 e6 11. Be2 Ne4 12. Nxe4 Bxe4 13. 0-0 Qxb3 14. axb3 Be7 15. Nd2 Bg6 16. f4 0-0 17. c5 Nf6 18. fxg5 hxg5 19. b4 a6 20. Nb3 Ne4 21. Bh2 Rad8 22. Rad1 Rd7 23. Nc1 Bd8 24. Nd3 f6 25. Bg4 Re8 26. Nf2 Kg7 27. Nxe4 Bxe4 28. Rf2 Bc7 29. Rdf1 Bd3 30. Rd1 Bg6 31. Rdf1 Bxh2+ 32. Kxh2 Rf7 33. Rd2 e5 34. Rff2 f5 35. Bd1 f4 36. exf4 exf4 37. g3 Re3 38. gxf4 gxf4 39. Rg2 Kh6 40. Rg4 Bh5 41. Rh4 f3 42. Rf2 Re4 43. Rxh5+ Kxh5 44. Rxf3 Kg6 0-1

[Event "Udaipur Lakecity blitz op 1st"]
[Site "Udaipur"]
[Date "2019.09.16"]
[Round "3"]
[White "Govind, Prabhu Mah"]
[Black "Himanshu, Sharma"]
[Result "0-1"]
[WhiteElo "1754"]
[BlackElo "2318"]
[PlyCount "90"]
[EventDate "2019.09.16"]
[EventType "swiss (blitz)"]
[EventRounds "9"]
[EventCountry "IND"]
[SourceTitle "EXT 2020"]
[Source "ChessBase"]
[SourceDate "2019.10.17"]
[SourceVersion "1"]
[SourceVersionDate "2019.10.17"]
[SourceQuality "1"]

1. c4 e5 2. g3 Nf6 3. Bg2 d5 4. cxd5 Nxd5 5. Nc3 Nb6 6. e3 g6 7. Nge2 Bg7 8. 0-0 0-0 9. d4 exd4 10. Nxd4 c6 11. a4 a5 12. Qc2 Na6 13. Rd1 Nb4 14. Qe2 Qe7 15. h3 Rd8 16. Bd2 Bxd4 17. exd4 Qxe2 18. Nxe2 N6d5 19. Bg5 f6 20. Be3 Nxe3 21. fxe3 Nc2 22. Rac1 Nxe3 23. Rd3 Nxg2 24. Kxg2 Bf5 25. Re3 Re8 26. Rcc3 Kf7 27. g4 Be4+ 28. Kf2 Bd5 29. Nf4 Rxe3 30. Rxe3 Bc4 31. Rc3 Be6 32. d5 Bd7 33. dxc6 Bxc6 34. Ne2 Rd8 35. Rc5 Rd5 36. Rxd5 Bxd5 37. Nc3 Bc6 38. Ke3 Ke6 39. h4 Ke5 40. b3 Bd5 41. h5 gxh5 42. gxh5 Bxb3 43. Kd3 h6 44. Ke3 Bf7 45. Ne4 b6 0-1

[Event "Udaipur Lakecity blitz op 1st"]
[Site "Udaipur"]
[Date "2019.09.16"]
[Round "7"]
[White "Mayank, Sharma Nandkishore"]
[Black "Himanshu, Sharma"]
[Result "0-1"]
[WhiteElo "1709"]
[BlackElo "2318"]
[PlyCount "60"]
[EventDate "2019.09.16"]
[EventType "swiss (blitz)"]
[EventRounds "9"]
[EventCountry "IND"]
[SourceTitle "EXT 2020"]
[Source "ChessBase"]
[SourceDate "2019.10.17"]
[SourceVersion "1"]
[SourceVersionDate "2019.10.17"]
[SourceQuality "1"]

1. d4 d6 2. e4 g6 3. Nc3 Bg7 4. f4 e6 5. Nf3 Ne7 6. Bc4 d5 7. exd5 exd5 8. Bb5+ c6 9. Bd3 0-0 10. 0-0 Bf5 11. Ne2 Nd7 12. Ng3 Bxd3 13. Qxd3 Nf6 14. f5 Re8 15. Bg5 Ne4 16. Nxe4 dxe4 17. Qxe4 Nxf5 18. Qd3 Bxd4+ 19. Kh1 Bf6 20. Bxf6 Qxf6 21. Rae1 Rxe1 22. Rxe1 Rd8 23. Qb3 b6 24. a4 h5 25. c3 h4 26. Rd1 Re8 27. Rf1 Ne3 28. Rf2 Rd8 29. Rd2 Rxd2 30. Nxd2 Qf2 0-1

[Event "Udaipur Lakecity rapid op 1st"]
[Site "Udaipur"]
[Date "2019.09.15"]
[Round "8"]
[White "Himanshu, Sharma"]
[Black "Muhammed, Shuaau"]
[Result "1-0"]
[WhiteElo "2408"]
[BlackElo "1876"]
[PlyCount "61"]
[EventDate "2019.09.14"]
[EventType "swiss (rapid)"]
[EventRounds "9"]
[EventCountry "IND"]
[SourceTitle "EXT 2020"]
[Source "ChessBase"]
[SourceDate "2019.10.17"]
[SourceVersion "1"]
[SourceVersionDate "2019.10.17"]
[SourceQuality "1"]

1. e4 e5 2. Nf3 Nc6 3. Bb5 a6 4. Bxc6 dxc6 5. 0-0 Bg4 6. h3 h5 7. d3 Qf6 8. Be3 Bxf3 9. Qxf3 Qxf3 10. gxf3 c5 11. f4 exf4 12. Bxf4 0-0-0 13. Nc3 Bd6 14. Be3 f6 15. f4 Ne7 16. Kf2 Nc6 17. Rg1 Rhg8 18. Rg6 Nd4 19. Bxd4 cxd4 20. Ne2 Rd7 21. Rag1 Rf7 22. Kf3 c5 23. e5 Bf8 24. e6 Rc7 25. Rxf6 Kd8 26. f5 Rh8 27. Rfg6 h4 28. Ke4 Ke8 29. R1g2 Rh7 30. Nf4 Bd6 31. Nd5 1-0

[Event "Udaipur Lakecity rapid op 1st"]
[Site "Udaipur"]
[Date "2019.09.15"]
[Round "6"]
[White "Samal, Ansuman"]
[Black "Himanshu, Sharma"]
[Result "1-0"]
[WhiteElo "1847"]
[BlackElo "2408"]
[PlyCount "152"]
[EventDate "2019.09.14"]
[EventType "swiss (rapid)"]
[EventRounds "9"]
[EventCountry "IND"]
[SourceTitle "EXT 2020"]
[Source "ChessBase"]
[SourceDate "2019.10.17"]
[SourceVersion "1"]
[SourceVersionDate "2019.10.17"]
[SourceQuality "1"]

1. e4 c5 2. Nc3 Nc6 3. d3 g6 4. Be3 d6 5. g3 Bg7 6. Bg2 e6 7. Qd2 Rb8 8. Nge2 Nd4 9. Nd1 Ne7 10. Nc1 e5 11. c3 Ne6 12. f4 d5 13. fxe5 d4 14. Bf4 Nc6 15. Bh6 Bxh6 16. Qxh6 Nxe5 17. 0-0 Qg5 18. Qxg5 Nxg5 19. b4 dxc3 20. bxc5 c2 21. Ne3 Ne6 22. Nxc2 Bd7 23. d4 Ba4 24. Nb3 Nd7 25. Rf2 0-0 26. h4 Rfe8 27. Bh3 Nd8 28. e5 b6 29. Ne3 bxc5 30. Bxd7 Bxd7 31. Nxc5 Bc6 32. Ng4 Kg7 33. Nf6 Re7 34. Re1 Ne6 35. Nb3 Rd8 36. Rc1 Bd5 37. Nxd5 Rxd5 38. Rc4 Red7 39. Rd2 h5 40. Kf2 Kf8 41. Ke3 Ng7 42. Nc5 Nf5+ 43. Ke4 Rd8 44. Rd3 Kg8 45. Ra4 Kg7 46. Nb3 R5d7 47. d5 Re7 48. Nc5 Rde8 49. e6 fxe6 50. Nxe6+ Kf6 51. Kf4 Rd7 52. Ra6 Rd6 53. Rda3 Re7 54. Rxd6 Nxd6 55. Ra6 Rd7 56. Nc5 Rf7 57. Ne4+ Kg7+ 58. Ke3 Nf5+ 59. Kd3 Nxg3 60. Nxg3 Rf3+ 61. Ke4 Rxg3 62. Rxa7+ Kf6 63. Ra6+ Ke7 64. Ke5 Re3+ 65. Kf4 Rh3 66. Rxg6 Rxh4+ 67. Ke5 Rg4 68. Rh6 Rg5+ 69. Kd4 Rg2 70. a4 Ra2 71. Rxh5 Rxa4+ 72. Ke5 Ra6 73. d6+ Kf7 74. Rh7+ Kg6 75. Rb7 Ra1 76. Ke6 Re1+ 1-0

[Event "Udaipur Lakecity op 1st"]
[Site "Udaipur"]
[Date "2019.09.14"]
[Round "3"]
[White "Himanshu, Sharma"]
[Black "Ashutosh, Kumar2222"]
[Result "1/2-1/2"]
[WhiteElo "2408"]
[BlackElo "1978"]
[PlyCount "121"]
[EventDate "2019.09.13"]
[EventType "swiss"]
[EventRounds "10"]
[EventCountry "IND"]
[SourceTitle "EXT 2020"]
[Source "ChessBase"]
[SourceDate "2019.10.17"]
[SourceVersion "1"]
[SourceVersionDate "2019.10.17"]
[SourceQuality "1"]

1. e4 c6 2. d4 d5 3. e5 c5 4. c3 Nc6 5. Ne2 Bf5 6. dxc5 Nxe5 7. Ng3 Bc8 8. Na3 e6 9. b4 Nf6 10. Bb5+ Bd7 11. Qe2 Nc6 12. 0-0 Be7 13. Nc2 h5 14. Re1 h4 15. Nf1 Ne4 16. Bb2 Bf6 17. Bxc6 bxc6 18. Nd4 e5 19. Nb3 h3 20. g3 0-0 21. c4 Ng5 22. cxd5 cxd5 23. Nfd2 Re8 24. b5 Qc8 25. c6 Bg4 26. f3 Bh5 27. Qf2 Qf5 28. f4 exf4 29. Bxf6 Qxf6 30. Qxf4 Qg6 31. g4 Bxg4 32. Qg3 f5 33. Kf2 Ne4+ 34. Nxe4 dxe4 35. Qf4 Qf6 36. Rac1 Qb2+ 37. Qd2 Qe5 38. Kg1 Qxb5 39. Rc5 Qb6 40. Qd5+ Kh8 41. c7 Rac8 42. Qd7 Qg6 43. Rc6 Qg5 44. Qd6 f4 45. Qg6 Qxg6 46. Rxg6 Bd7 47. Rc1 e3 48. Nd4 e2 49. Nf3 Bf5 50. Ra6 g5 51. Ra5 g4 52. Ne1 Rf8 53. Kf2 g3+ 54. hxg3 h2 55. Nf3 fxg3+ 56. Kxg3 Rxc7 57. Re1 Be4 58. Rh5+ Kg8 59. Rg5+ Rg7 60. Rxg7+ Kxg7 61. Nxh2 1/2-1/2

[Event "Hyderabad Pearl City op"]
[Site "Hyderabad"]
[Date "2019.09.11"]
[Round "10"]
[White "Prraneeth, Vuppala"]
[Black "Himanshu, Sharma"]
[Result "1/2-1/2"]
[WhiteElo "2123"]
[BlackElo "2408"]
[PlyCount "152"]
[EventDate "2019.09.06"]
[EventType "swiss"]
[EventRounds "11"]
[EventCountry "IND"]
[SourceTitle "EXT 2020"]
[Source "ChessBase"]
[SourceDate "2019.10.17"]
[SourceVersion "1"]
[SourceVersionDate "2019.10.17"]
[SourceQuality "1"]

1. d4 Nf6 2. c4 e6 3. g3 d5 4. Nf3 Be7 5. Bg2 0-0 6. 0-0 c6 7. Qc2 Nbd7 8. Nbd2 b6 9. e4 Bb7 10. e5 Ne8 11. b3 Rc8 12. Bb2 Qc7 13. Rac1 Qb8 14. Rfd1 Nc7 15. Nf1 c5 16. Ne3 Qa8 17. Qe2 Rfd8 18. dxc5 Nxc5 19. Nd4 dxc4 20. Bxb7 Qxb7 21. Nxc4 a6 22. b4 Na4 23. Ba1 Bxb4 24. Nd6 Bxd6 25. Nc6 Bf8 26. Rxd8 Rxd8 27. Nxd8 Qc8 28. Nc6 Nc5 29. Bd4 Qd7 30. Bxc5 Bxc5 31. Na5 Ba3 32. Rd1 Nd5 33. Nc4 Qb5 34. Qc2 Bc5 35. Nd6 Qb4 36. Ne4 Bf8 37. Rb1 Qd4 38. Ng5 g6 39. Qe4 Qd2 40. Qh4 h6 41. Ne4 Qxa2 42. Rc1 Qb2 43. Rc8 Kg7 44. Nf6 Qxe5 45. Qxh6+ Kxh6 46. Ng4+ Kg7 47. Nxe5 Bd6 48. Nd7 Bc7 49. h4 a5 50. g4 a4 51. g5 Bf4 52. Nf6 Nxf6 53. gxf6+ Kxf6 54. Rc4 Bd6 55. Rxa4 b5 56. Ra6 Ke7 57. Kg2 b4 58. Ra7+ Kf6 59. Kf3 Be5 60. Rb7 Bc3 61. Ke2 e5 62. f3 Ke6 63. Kd3 f6 64. Rb6+ Kf5 65. Ke2 e4 66. Ke3 exf3 67. Kxf3 Ke5 68. Rb7 Kd4 69. Rg7 b3 70. Rxg6 b2 71. Rg1 Bd2 72. Rb1 Kc3 73. Ke4 Kc2 74. Rxb2+ Kxb2 75. Kf5 Kc3 76. Kxf6 Kd4 1/2-1/2

[Event "Hyderabad Pearl City op"]
[Site "Hyderabad"]
[Date "2019.09.10"]
[Round "9"]
[White "Himanshu, Sharma"]
[Black "Vinoth Kumar, M."]
[Result "1-0"]
[WhiteElo "2408"]
[BlackElo "2032"]
[PlyCount "137"]
[EventDate "2019.09.06"]
[EventType "swiss"]
[EventRounds "11"]
[EventCountry "IND"]
[SourceTitle "EXT 2020"]
[Source "ChessBase"]
[SourceDate "2019.10.17"]
[SourceVersion "1"]
[SourceVersionDate "2019.10.17"]
[SourceQuality "1"]

1. e4 e6 2. d4 d5 3. Nd2 Nf6 4. e5 Nfd7 5. c3 b6 6. f4 f5 7. Ndf3 Be7 8. Bd3 Ba6 9. Bxa6 Nxa6 10. Ne2 c6 11. 0-0 Nc7 12. Be3 Nf8 13. h3 h6 14. Qd2 Nh7 15. b3 0-0 16. g4 g6 17. Rf2 Ne8 18. Rg2 Kf7 19. Kh2 Ng7 20. Rag1 Rg8 21. Ng3 Qd7 22. Qd3 Raf8 23. Bc1 Rh8 24. gxf5 gxf5 25. Qe2 Rfg8 26. Nd2 Nf8 27. Ngf1 Rh7 28. Nf3 Ke8 29. Ng3 Rgh8 30. Qa6 Qc7 31. Ba3 Bxa3 32. Qxa3 Qe7 33. Qa6 Qc7 34. Qe2 Kd8 35. Qd3 Kc8 36. Qa6+ Kb8 37. Ne2 Qf7 38. a4 Ne8 39. a5 Nc7 40. Qd3 b5 41. Nh4 Nd7 42. b4 Qh5 43. Nf3 a6 44. Ne1 Ne8 45. Qf3 Qf7 46. Nd3 Nf8 47. Nc5 Ka7 48. Qf2 Qe7 49. Nc1 Rg7 50. Rxg7 Nxg7 51. N1d3 h5 52. Qg3 Rh7 53. Qg5 Qxg5 54. Rxg5 h4 55. Kg2 Nh5 56. Kf3 Ng3 57. Rg8 Rf7 58. Nf2 Ne4 59. Nfxe4 fxe4+ 60. Ke3 Rf5 61. Rg7+ Ka8 62. Nxa6 Rh5 63. Rg8 Ka7 64. Nc5 Rh7 65. Rxf8 Rg7 66. f5 Rg3+ 67. Ke2 Rxh3 68. Rf7+ Ka8 69. fxe6 1-0

[Event "Hyderabad Pearl City op"]
[Site "Hyderabad"]
[Date "2019.09.08"]
[Round "4"]
[White "Ramakrishna, J."]
[Black "Himanshu, Sharma"]
[Result "1-0"]
[WhiteElo "2080"]
[BlackElo "2408"]
[PlyCount "63"]
[EventDate "2019.09.06"]
[EventType "swiss"]
[EventRounds "11"]
[EventCountry "IND"]
[SourceTitle "EXT 2020"]
[Source "ChessBase"]
[SourceDate "2019.10.17"]
[SourceVersion "1"]
[SourceVersionDate "2019.10.17"]
[SourceQuality "1"]

1. Nf3 d5 2. c4 c6 3. e3 Nf6 4. Nc3 a6 5. d4 b5 6. cxd5 cxd5 7. Ne5 e6 8. Bd3 Bb7 9. 0-0 Nbd7 10. f4 Be7 11. Bd2 0-0 12. Qf3 b4 13. Ne2 Ne4 14. Qh3 f5 15. Be1 Rc8 16. g4 a5 17. gxf5 exf5 18. Kh1 Nxe5 19. fxe5 g6 20. Nf4 Rc6 21. Rg1 Bg5 22. Bxe4 dxe4 23. d5 Rb6 24. Rxg5 Qxg5 25. Bh4 Qh6 26. d6 Qg7 27. Ne6 Qd7 28. Nxf8 Kxf8 29. Be7+ Kg8 30. Qh6 Qe8 31. e6 Bc8 32. Bf6 1-0